Jeux vidéo par personnages - Statistiques

Statistiques générales
  • Ce quiz a été pris 364 fois
  • Le résultat moyen est 10 sur 16
Statistiques - réponses
Par images Réponse % Correct
Minecraft
100%
The legend of Zelda
99%
God of War
89%
The Witcher
89%
Hitman
88%
Tomb Raider
83%
Professeur Layton
71%
Final Fantasy VII
56%
Horizon Zero Dawn
55%
Hollow Knight
53%
Pikmin
51%
Life is Strange
47%
The Binding of Isaac
43%
Celeste
39%
Portal
33%
Banjo et Kazooie
19%
Aucun quiz correspondant
Distribution des résultats
% des personnes avec chaque résultat
Percentile par nombre de réponses
Votre historique - résultats
Vous n’avez pas pris ce quiz